04宮城県の市区町村 - Statistics

General Stats
  • This quiz has been taken 151 times
    146 since last reset
  • The average score is 22 of 39
Answer Stats
Answer % Correct
仙台市青葉区
93%
石巻市
93%
名取市
85%
大崎市
83%
気仙沼市
82%
仙台市泉区
80%
岩沼市
80%
仙台市太白区
79%
仙台市宮城野区
77%
白石市
77%
多賀城市
77%
塩竈市
76%
仙台市若林区
74%
東松島市
74%
栗原市
72%
登米市
70%
富谷市
61%
角田市
60%
柴田郡柴田町
46%
亘理郡亘理町
45%
柴田郡大河原町
43%
亘理郡山元町
43%
柴田郡村田町
41%
牡鹿郡女川町
41%
伊具郡丸森町
39%
宮城郡利府町
39%
加美郡加美町
39%
宮城郡七ヶ浜町
38%
本吉郡南三陸町
38%
刈田郡蔵王町
37%
刈田郡七ヶ宿町
37%
柴田郡川崎町
35%
黒川郡大衡村
35%
加美郡色麻町
35%
宮城郡松島町
34%
黒川郡大和町
34%
黒川郡大郷町
33%
遠田郡美里町
29%
遠田郡涌谷町
28%
No matching quizzes found
Score Distribution
Percent of People with Each Score
Percentile by Number Answered
Your Score History
You have not taken this quiz since the last reset